Those terrible carpetbaggers /

Bibliographic Details
Main Author: Current, Richard Nelson
Format: Book
Language:English
Published: New York : Oxford University Press, 1988.
Subjects:

MARC

Tag First Indicator Second Indicator Subfields
LEADER 00000cam a2200000 a 4500
001 in00000014206
005 20151007052148.0
008 870402s1988 nyu b 00110 eng
010 |a  87011061  
020 |a 0195048725 (alk. paper) :  |c $24.95 
035 |a (OCoLC)15550792 
035 |9 AAA6567AM 
040 |a DLC  |c DLC  |d TXA  |d UtOrBLW 
043 |a n-us--- 
049 |a TXAM 
050 0 0 |a E668  |b .C985 1988 
082 0 |a 973.8  |2 19 
100 1 |a Current, Richard Nelson. 
245 1 0 |a Those terrible carpetbaggers /  |c Richard Nelson Current. 
264 1 |a New York :  |b Oxford University Press,  |c 1988. 
300 |a x, 475 pages ;  |c 25 cm. 
336 |a text  |b txt  |2 rdacontent 
337 |a unmediated  |b n  |2 rdamedia 
338 |a volume  |b nc  |2 rdacarrier 
504 |a Includes bibliographical references (pages 427-457) and index. 
650 0 |a Reconstruction (U.S. history, 1865-1877) 
651 0 |a United States  |x Politics and government  |y 1865-1877. 
740 0 |a Carpetbaggers. 
999 |a MARS 
999 f f |s 54ffe08c-800f-3e3b-8304-2000d57285a5  |i 08f74981-e06f-35d8-a6e9-682de5c71ac3  |t 0 
952 f f |p normal  |a Texas A&M University  |b College Station  |c Sterling C. Evans Library  |d Evans: Library Stacks  |t 0  |e E668 .C985 1988  |h Library of Congress classification  |i unmediated -- volume  |m A14832961506 
998 f f |a E668 .C985 1988  |t 0  |l Evans: Library Stacks